|
|
|
|
| LEADER |
00768nam a22001931 4500 |
| 001 |
c000361661 |
| 003 |
CARM |
| 005 |
00000000000000.0 |
| 008 |
851113s1961 fr 1 fre d |
| 019 |
1 |
|
|a 4142749
|z 27204043
|z 6749924
|5 LACONCORD2021
|
| 035 |
|
|
|a (OCoLC)1592159
|5 LACONCORD2021
|
| 100 |
1 |
|
|a Durand, Gilbert.
|
| 245 |
1 |
3 |
|a Le decor mythique de La chartreuse de Parme :
|b contribution a l'asthetique du romanesque.
|
| 260 |
|
|
|a Paris :
|b Corti,
|c 1961.
|
| 600 |
1 |
0 |
|a Steindhal, pseud.
|t La chartreuse de Parme.
|
| 852 |
8 |
|
|b CARM
|h A1:AN30F0
|i B08915
|p 0419800
|f BK
|
| 082 |
0 |
4 |
|a 843.7
|
| 999 |
f |
f |
|i baf97b25-2f95-5629-968e-aeda2219e35d
|s a5169d4b-06ad-5cd4-b907-484e3463fd6e
|
| 952 |
f |
f |
|p Can circulate
|a CAVAL
|b CAVAL
|c CAVAL
|d CARM 1 Store
|e B08915
|f A1:AN30F0
|h Other scheme
|i book
|m 0419800
|